El Trabajo no formal bajo condiciones de crisis. Aspectos teóricos, metodológicos y técnicos que incidieron en la reorientación del proyecto /
Uloženo v:
| Korporace: | , |
|---|---|
| Médium: | Text |
| Jazyk: | Spanish |
| Vydáno: |
San José:
CSUCA. IDRC
1984
|
| Témata: | |
| Tagy: |
Přidat tag
Žádné tagy, Buďte první, kdo vytvoří štítek k tomuto záznamu!
|
MARC
| LEADER | 00000 a a2200000 04500 | ||
|---|---|---|---|
| 001 | 21038 | ||
| 003 | cru CIDCACS/IIS | ||
| 005 | 20220317085933.0 | ||
| 007 | ta | ||
| 008 | 171115b1984 CR ||||| |||| 00| 0 spa d | ||
| 040 | |c cru CIDCACS/IIS | ||
| 090 | |a 13.01.03P171t | ||
| 110 | |a CSUCA | ||
| 245 | |a El Trabajo no formal bajo condiciones de crisis. Aspectos teóricos, metodológicos y técnicos que incidieron en la reorientación del proyecto / |c CSUCA | ||
| 260 | |a San José: |b CSUCA. IDRC |c 1984 | ||
| 300 | |a 152 p. | ||
| 500 | |a Informe final | ||
| 650 | 1 | 0 | |9 5982 |a TRABAJO INFORMAL |
| 650 | 1 | 0 | |9 1438 |a TRABAJO DOMESTICO |
| 650 | 1 | 0 | |9 1481 |a CONDICIONES DE TRABAJO |
| 650 | 1 | 0 | |9 2434 |a SALARIOS |
| 710 | |a IDRC | ||
| 942 | |2 ddc |c LI |h 13.01.03 |i 18480 |6 130103_18480 | ||
| 999 | |c 1218 |d 1218 | ||
